Game day / (Record no. 2019)

MARC details
000 -LEADER
fixed length control field 00975cam a2200325 a 4500
001 - CONTROL NUMBER
control field 2019
003 - CONTROL NUMBER IDENTIFIER
control field FISKH
005 - DATE AND TIME OF LATEST TRANSACTION
control field 20250516093938.0
008 - FIXED-LENGTH DATA ELEMENTS--GENERAL INFORMATION
fixed length control field 000919s2001 nyua b 000 1 eng
010 ## - LIBRARY OF CONGRESS CONTROL NUMBER
LC control number 00047368
020 ## - INTERNATIONAL STANDARD BOOK NUMBER
International Standard Book Number 0516222627
020 ## - INTERNATIONAL STANDARD BOOK NUMBER
International Standard Book Number 9780516259644
040 ## - CATALOGING SOURCE
Original cataloging agency DLC
Transcribing agency DLC
Modifying agency DLC
Language of cataloging eng
042 ## - AUTHENTICATION CODE
Authentication code lcac
050 00 - LIBRARY OF CONGRESS CALL NUMBER
Classification number PZ7.M515916
Item number Gam 2001
082 00 - DEWEY DECIMAL CLASSIFICATION NUMBER
Classification number 460
Edition number 21
100 1# - MAIN ENTRY--PERSONAL NAME
Personal name Meister, Cari.
245 10 - TITLE STATEMENT
Title Game day /
Statement of responsibility, etc. written by Cari Meister ; illustrated by Mark A. Hicks.
260 ## - PUBLICATION, DISTRIBUTION, ETC.
Place of publication, distribution, etc. New York :
Name of publisher, distributor, etc. Scholastic,
Date of publication, distribution, etc. 2001.
300 ## - PHYSICAL DESCRIPTION
Extent 23 pages :
Other physical details color illustrations ;
Dimensions 18 cm.
440 #0 - SERIES STATEMENT/ADDED ENTRY--TITLE
Title A Rookie reader
505 ## - FORMATTED CONTENTS NOTE
Formatted contents note B<br/><br/><br/>
520 ## - SUMMARY, ETC.
Summary, etc. Illustrations and simple text describe the events of a baseball game.
521 8# - TARGET AUDIENCE NOTE
Target audience note 50<br/>
Source Lexile estimate <br/><br/>
521 8# - TARGET AUDIENCE NOTE
Target audience note B<br/>
Source Raz-Plus<br/>
650 #1 - SUBJECT ADDED ENTRY--TOPICAL TERM
Topical term or geographic name entry element Baseball
Form subdivision Fiction.
700 1# - ADDED ENTRY--PERSONAL NAME
Personal name Hicks, Mark A.
Relator term illustrator
906 ## - LOCAL DATA ELEMENT F, LDF (RLIN)
a 7
b cbc
c orignew
d 1
e ocip
f 20
g y-gencatlg
942 ## - ADDED ENTRY ELEMENTS (KOHA)
Source of classification or shelving scheme Dewey Decimal Classification
Koha item type Books
Suppress in OPAC No
Holdings
Withdrawn status Lost status Source of classification or shelving scheme Damaged status Not for loan Collection Home library Current library Shelving location Date acquired Total Checkouts Full call number Barcode Date last seen Copy number Price effective from Koha item type
    Dewey Decimal Classification     Fiction Footprints International School Library Network Toul Kork Campus Footprints International School Library Network Toul Kork Campus TK Primary Library Room(4th Floor), Bookcase 7, Shelves 57-60, Dark Green Books 10/30/2023   MEI 460 PZ7.M515916 FISBK02108 10/30/2023 1 10/30/2023 Books
    Dewey Decimal Classification     Juvenile Fiction Footprints International School Library Network Toul Kork Campus Footprints International School Library Network Toul Kork Campus TK Primary Library Room(4th Floor), Bookcase 7, Shelves 57-60, Dark Green Books 05/16/2025   MEI 460 PZ7.M515916 FISTK03223 05/16/2025 2 05/16/2025 Books